• AIU
  • Tony Wilmot Memorial Library

Growing up male : (Record no. 59373)

MARC details
000 -LEADER
fixed length control field 00926cam a2200265 a 4500
001 - CONTROL NUMBER
control field 2996344
003 - CONTROL NUMBER IDENTIFIER
control field OSt
005 - DATE AND TIME OF LATEST TRANSACTION
control field 20170317020004.0
008 - FIXED-LENGTH DATA ELEMENTS--GENERAL INFORMATION
fixed length control field 930121s1993 ctu b 001 0 eng
010 ## - LIBRARY OF CONGRESS CONTROL NUMBER
LC control number 93018137
020 ## - INTERNATIONAL STANDARD BOOK NUMBER
International Standard Book Number 0897893441 (alk. paper)
040 ## - CATALOGING SOURCE
Original cataloging agency DLC
Transcribing agency DLC
Modifying agency DLC
050 00 - LIBRARY OF CONGRESS CALL NUMBER
Classification number BF 692.5
Item number .S36 1993
082 00 - DEWEY DECIMAL CLASSIFICATION NUMBER
Classification number 155.3/32
Edition number 20
100 1# - MAIN ENTRY--PERSONAL NAME
Personal name Schoenberg, B. Mark,
Dates associated with a name 1928-
9 (RLIN) 28229
245 10 - TITLE STATEMENT
Title Growing up male :
Remainder of title the psychology of masculinity /
Statement of responsibility, etc B. Mark Schoenberg.
260 ## - PUBLICATION, DISTRIBUTION, ETC. (IMPRINT)
Place of publication, distribution, etc Westport, Conn. :
Name of publisher, distributor, etc Bergin & Garvey,
Date of publication, distribution, etc 1993.
300 ## - PHYSICAL DESCRIPTION
Extent viii, 148 p. ;
Dimensions 24 cm.
504 ## - BIBLIOGRAPHY, ETC. NOTE
Bibliography, etc Includes bibliographical references (p. [139]-144) and index.
650 #0 - SUBJECT ADDED ENTRY--TOPICAL TERM
Topical term or geographic name as entry element Masculinity.
9 (RLIN) 28230
650 #0 - SUBJECT ADDED ENTRY--TOPICAL TERM
Topical term or geographic name as entry element Men
General subdivision Psychology.
9 (RLIN) 28231
906 ## - LOCAL DATA ELEMENT F, LDF (RLIN)
a 7
b cbc
c orignew
d 1
e ocip
f 19
g y-gencatlg
942 ## - ADDED ENTRY ELEMENTS (KOHA)
Source of classification or shelving scheme Library of Congress Classification
Koha item type Books
Koha issues (borrowed), all copies 1
Holdings
Withdrawn status Lost status Source of classification or shelving scheme Damaged status Not for loan Collection code Home library Current library Shelving location Date acquired Source of acquisition Cost, normal purchase price Total Checkouts Total Renewals Full call number Barcode Date last seen Date checked out Copy number Price effective from Koha item type
    Library of Congress Classification     General Circulation AIU/NEGST - Tony Wilmot Memorial Library AIU/NEGST - Tony Wilmot Memorial Library General Stacks 07/02/2014 Donation-TBN 28.00 4 2 BF 692.5 .S36 1993 R29425J3232 08/29/2022 08/26/2022 1 07/02/2014 Books